LEADER 01093cam0-22003851i-450- 001 990006517320403321 005 20050510160929.0 035 $a000651732 035 $aFED01000651732 035 $a(Aleph)000651732FED01 035 $a000651732 100 $a20010426d1932----km-y0itay50------ba 101 0 $aita 102 $aIT 105 $ay-------001yy 200 1 $a<>suicidio nella psicologia, nella indagine giudiziaria e nel diritto$fEnrico Altavilla 210 $aNapoli$cAlberto Morano$d1932 215 $a426 p.$d24 cm 676 $a361 676 $a360 676 $a340 700 1$aAltavilla,$bEnrico$f<1883-1968>$0130712 801 0$aIT$bUNINA$gRICA$2UNIMARC 901 $aBK 912 $a990006517320403321 952 $aIX A 163$b13217$fFSPBC 952 $aXII F 53$b35345$fFGBC 952 $aMASSARI F 137$b4433$fFGBC 952 $aXII D 200$fFGBC 952 $aDIR-77$b5876 dip.$fDDRC 959 $aFSPBC 959 $aFGBC 959 $aDDRC 996 $aSuicidio nella psicologia, nella indagine giudiziaria e nel diritto$9620770 997 $aUNINA LEADER 01046nam--2200349---450- 001 990002155230203316 005 20060119160908.0 010 $a88-510-0199-5 035 $a000215523 035 $aUSA01000215523 035 $a(ALEPH)000215523USA01 035 $a000215523 100 $a20041109d2004----km-y0enga50------ba 101 0 $aita 102 $aIT 105 $aa|||z|||001yy 200 1 $aTra oriente e occidente$ecittà e iconografia dal 15. al 19. secolo$fa cura di Cesare de Seta 210 $aNapoli$cElecta$dcopyr. 2004 215 $a222 p.$cill.$d29 cm 606 0 $aIconografia$xCittà$zSec. 15.-19. 676 $a704.944 702 1$aDE SETA,$bCesare 801 0$aIT$2UNIMARC 912 $a990002155230203316 951 $aXII.2.A. 247(VII E 883)$b176649 L.M.$cVII E$d00139393 959 $aBK 969 $aUMA 979 $aMARIA$b10$c20041109$lUSA01$h1251 979 $aPAOLA$b90$c20050610$lUSA01$h1331 979 $aCOPAT6$b90$c20060119$lUSA01$h1609 996 $aTra oriente e occidente$9743216 997 $aUNISA LEADER 01949nam 2200565Ia 450 001 9910702210303321 005 20130104130441.0 035 $a(CKB)5470000002426050 035 $a(OCoLC)818645984 035 $a(EXLCZ)995470000002426050 100 $a20121119d2012 ua 0 101 0 $aeng 181 $ctxt$2rdacontent 182 $cc$2rdamedia 183 $acr$2rdacarrier 200 00$aAssessment of NASA's aircraft noise prediction capability$b[electronic resource] /$fMilo D. Dahl, editor 210 1$aCleveland, Ohio :$cNational Aeronautics and Space Administration, Glenn Research Center,$d[2012] 215 $a1 online resource (xxxi, 354 pages) $ccolor illustrations 225 1 $aNASA/TP ;$v2012-215653 300 $aTitle from title screen (viewed on Nov. 19, 2012). 300 $a"July 2012." 320 $aIncludes bibliographical references. 606 $aAeroacoustics$2nasat 606 $aNoise prediction (aircraft)$2nasat 606 $aJet aircraft noise$2nasat 606 $aWind tunnel tests$2nasat 606 $aHypersonic aircraft$2nasat 606 $aSubsonic aircraft$2nasat 606 $aRotary wing aircraft$2nasat 606 $aComputational fluid dynamics$2nasat 606 $aAircraft noise$2nasat 606 $aSupersonic aircraft$2nasat 615 7$aAeroacoustics. 615 7$aNoise prediction (aircraft) 615 7$aJet aircraft noise. 615 7$aWind tunnel tests. 615 7$aHypersonic aircraft. 615 7$aSubsonic aircraft. 615 7$aRotary wing aircraft. 615 7$aComputational fluid dynamics. 615 7$aAircraft noise. 615 7$aSupersonic aircraft. 701 $aDahl$b Milo D.$f1956-$01397975 712 02$aNASA Glenn Research Center. 801 0$bGPO 801 1$bGPO 906 $aBOOK 912 $a9910702210303321 996 $aAssessment of NASA's aircraft noise prediction capability$93460391 997 $aUNINA